| 000 | 00593nam a2200193 i 4500 | ||
|---|---|---|---|
| 001 | 50385 | ||
| 003 | ES-MaACL | ||
| 005 | 20240518063025.0 | ||
| 007 | t| | ||
| 008 | 030804s1969 sp ||||1| spa d | ||
| 100 | 0 |
_aCuadra, Pablo Antonio, _d1912-2002 _941877 |
|
| 245 | 1 | 3 |
_aEl nicaragüense / _cPablo Antonio Cuadra. |
| 260 |
_aMadrid : _bCultura Hispánica, _c1969. |
||
| 300 |
_a164 p.,3 h. de lám. ; _c17 cm. |
||
| 650 | 4 |
_aNicaragüenses- _xPsicología. _9172653 |
|
| 651 | 4 |
_aNicaragua- _xUsos y costumbres. _9138746 |
|
| 852 |
_aES-MaACL _jC-52284 |
||
| 999 |
_c50385 _d50385 |
||